000 00331nam a2200145Ia 4500
008 230718s9999 xx 000 0 und d
041 _aEng.
082 _a89.43
_bANS-A
100 _aAnsari Dr. Furqan
245 0 _aAthaa Qalam
260 _aPakistan
_bIslamabad Publisher
_c2006
300 _a380
650 _aLaw
999 _c31548
_d31548